| 000 | 00426cam a2200169ua 4500 | ||
|---|---|---|---|
| 020 | _c1.00 | ||
| 041 |
_amal _h |
||
| 082 |
_a928.94812 _bKUR/PA |
||
| 100 | _aKurup, Kanippadam R K . | ||
| 245 |
_aPadathalavante Bharya / _cKanjippadam R K Kurup. _hTextual Documents |
||
| 260 |
_aChampakulam : _bB K M Book Depo , _c1961. |
||
| 300 | _a94 ; . | ||
| 365 | _a1.00 | ||
| 504 | _a | ||
| 942 | _cBK | ||
| 999 |
_c4527 _d4527 |
||